000 00500nam a2200193Ia 4500
008 220531s9999 xx 000 0 und d
041 _aeng
082 _a580
_bBHA
100 _aBhattacharya, K. And Others
_970385
245 _aTextbook Of Botany, Vol. - Ii
250 _a1ST
260 _aKolkata
_bNew Central Book Agency
_c2015
300 _a746
542 _d06-11-2015
551 _aScience
_bNon-grant-SCI
650 _aBotany
_970386
906 _d2015-2016
999 _c39424
_d39424